000 00691nam a2200229Ia 4500
001 3198
003 GE_BSU
008 181216s||||||||xx |||||||||||||| ||und||
040 _cGE_BSU
080 _a006
100 _aЯкушев,А.И
245 _aВзаимозаменяемость,стардартизация и технические измерения
245 _bУчебник для втузов
245 _cА.И.Якушев,Л.Н.Воронцов,Н.М.Федоров
250 _aИзд 6-ое.Перераб.и доп.
260 _aМ
260 _bМашиностроение
260 _c1986
300 _a352 стр.
300 _bилл.
942 _cBK
999 _c37239
_d37239